| 000 | 00799nam a2200217Ia 4500 | ||
|---|---|---|---|
| 003 | GCL | ||
| 008 | 140319s9999 xx 000 0 ara d | ||
| 020 | _a?038313977 | ||
| 040 |
_aGCL / _cGCL |
||
| 082 | 0 | 4 |
_a375.006 _bأ ر |
| 100 | 1 | _aالهام عبدالحميد فرج | |
| 245 | 1 | 0 |
_aرؤية نقدية في مناهج المواد الفلسفية والاجتماعية / _cالهام عبدالحميد فرج |
| 250 | _aالاولى | ||
| 260 |
_aالقاهرة : _bمركز المحروسة للبحوث والتدريب والنشر ، _c2000 |
||
| 300 |
_a224 ص ؛ _c24 سم |
||
| 650 | 0 | 4 | _aالمناهج - تقييم |
| 650 | 0 | 4 | _aالفلسفة فى التدريس |
| 650 | 0 | 4 | _aالمنطق فى التدريس |
| 650 | 0 | 4 | _aالمناهج - تطوير |
| 942 |
_2ddc _cBK |
||
| 999 |
_c6335 _d6335 |
||